000 00544nam a2200193 a 4500
001 1768801201309
003 YourLibrary
005 20260119111118.0
008 260119s2002##################000#0#eng##
020 _a9780761921493
082 0 4 _a618.92858223
_bKOL
100 1 _aKolko, David,
_eauthor.
245 1 0 _aAssessing and Treating Physically Abused Children and Their Families :
260 _bSAGE,
_c2002.
300 _a361 pages
650 0 _aFamily & Relationships.
942 _cENGLISH
040 _aYourLibrary
_beng
_cYourLibrary
999 _c608487
_d608487